Кафедра геологии и разведки месторождений полехных ископаемых; Разведка и охрана недр; № 7

Xehetasun bibliografikoak
Parent link:Разведка и охрана недр/ Министерство геологии и охраны недр.— , 1954-.— 0034-026X
№ 7.— 2001.— С. 21-23
Egile nagusia: Коробейников А. Ф. Александр Феопенович
Gaia:В фонде НТБ ТПУ отсутствует
Hizkuntza:errusiera
Argitaratua: 2001
Gaiak:
Formatua: MixedMaterials Liburu kapitulua
KOHA link:https://koha.lib.tpu.ru/cgi-bin/koha/opac-detail.pl?biblionumber=595799

MARC

LEADER 00000naa2a2200000 4500
001 595799
005 20250618091113.0
035 |a (RuTPU)RU\TPU\tpu\17557 
035 |a RU\TPU\prd\74298 
090 |a 595799 
100 |a 20100601a2001 k y0rusy50 ca 
101 0 |a rus 
102 |a RU 
200 1 |a Кафедра геологии и разведки месторождений полехных ископаемых  |f А. Ф. Коробейников 
333 |a В фонде НТБ ТПУ отсутствует 
461 0 |0 (RuTPU)RU\TPU\prd\1709  |x 0034-026X  |t Разведка и охрана недр  |f Министерство геологии и охраны недр  |d 1954- 
463 |t № 7  |v С. 21-23  |d 2001 
610 1 |a труды учёных ТПУ 
700 1 |a Коробейников  |b А. Ф.  |c российский геолог, доктор геолого-минералогических наук  |c профессор Томского политехнического университета  |f 1934-  |g Александр Феопенович  |3 (RuTPU)RU\TPU\pers\12688  |4 070 
801 1 |a RU  |b 63413507  |c 20091218 
801 2 |a RU  |b 63413507  |c 20100601  |g RCR 
850 |a 63413507 
942 |c BK